Представление документа в формате MARC21

Поле Инд. ПП Название Значение
Тип записи a
Библиографический уровень a
001 Контрольный номер b540d66e31b3482ba80580c4f2c9d46e
005 Дата корректировки 20180409143744.3
020 a ISBN 978-5-7609-1218-3
040 a Служба первич. каталог. НБ ТвГУ
b Код языка каталог. rus
e Правила каталог. PSBO
041 0_ a Код языка текста rus
097 b Оператор korjnina
100 1_ a Автор Конышева Марина Владимировна
q Полное имя Конышева М. В.
245 10 a Заглавие Интеграционная модель обучения иностранному языку
260 a Место издания Тверь
b Издательство Тверской государственный университет
504 a Библиография Библиогр.: с. 138 (11 назв.)
520 0_ a Аннотация В статье описываются возможные составляющие интеграционной модели обучения иностранному языку, объединенные на принципах компетентностного подхода и коммуникативных технологий, указываются различные виды игровых технологий на основе деятельностного подхода к обучению с активным участием студентов на всех этапах учебного процесса, включая текущий и частично итоговый контроль.
653 0_ a Ключевые слова Методика преподавания иностранных языков
a Ключевые слова Образовательные технологии
a Ключевые слова Интеграционная модель
a Ключевые слова Проектное обучение
a Ключевые слова Игровые технологии
a Ключевые слова Управление коммуникативным поведением
773 18 w Контрольный № источника ec42ca92f3e94652ba05868f8c06e388
t Название источника Языковой дискурс в социальной практике
d Место и дата издания Тверь : Тверской государственный университет, 2017
g Прочая информация С. 133-138
856 40 u URL http://texts.lib.tversu.ru/texts/12114t.pdf
x Примечание для ЭОР Справка УИС 2017
i Дата подключения ЭОР 20170802
x Примечание для ЭОР Реестр суммарного учета сетевых локальных документов
900 a Имя макрообъекта 12114t
901 t Тип документа a
920 a Оператор Корж